А - О; Русско-чешский словарь

Detalhes bibliográficos
Parent link:Русско-чешский словарь=Rusko-cesky slovnik: 55 000 слов/ под ред. Л. В. Копецкого ; О. Лешки. Т. 1.— , 1978
Idioma:tcheco
russo
Publicado em: 1978
Assuntos:
Formato: MixedMaterials Livro
KOHA link:https://koha.lib.tpu.ru/cgi-bin/koha/opac-detail.pl?biblionumber=23572

MARC

LEADER 00000nam0a2200000 4500
001 23572
005 20231101205546.0
035 |a (RuTPU)RU\TPU\book\23792 
035 |a BOOK00023865 
090 |a 23572 
100 |a 20011209d1978 km y0rusy50 ba 
101 0 |a cze  |a rus 
102 |a RU 
105 |a y e 000zy 
200 1 |a А - О 
210 |d 1978 
215 |a 662 с.  |e Список лит.: с. 9. 
461 |t Русско-чешский словарь  |l Rusko-cesky slovnik  |o 55 000 слов  |o В 2-х т.  |v Т. 1  |f под ред. Л. В. Копецкого ; О. Лешки  |d 1978 
606 |a Чешский язык  |2 stltpush  |3 (RuTPU)RU\TPU\subj\18748  |9 44124 
610 1 |a словари 
610 1 |a лексика 
610 1 |a фразеология 
686 |a Ш141.5  |v LBC/SL-A  |2 rubbk 
801 0 |a RU  |b 63413507  |c 20011209  |g PSBO 
801 2 |a RU  |b 63413507  |c 20180605  |g PSBO 
942 |c BK